VECTOR MECHANICS FOR ENGINEERS STATIC (Record no. 580215)
[ view plain ]
| 000 -LEADER | |
|---|---|
| fixed length control field | 00410nam a22001337a 4500 |
| 020 ## - INTERNATIONAL STANDARD BOOK NUMBER | |
| International Standard Book Number | 0-07-004278-0 |
| 082 ## - DEWEY DECIMAL CLASSIFICATION NUMBER | |
| Classification number | 620.105 BCE'V |
| 100 ## - MAIN ENTRY--PERSONAL NAME | |
| Personal name | BEER, FERDINAND P,JOHNSTON, E. RUSSELL |
| 9 (RLIN) | 56612 |
| 245 ## - TITLE STATEMENT | |
| Title | VECTOR MECHANICS FOR ENGINEERS STATIC |
| 260 ## - PUBLICATION, DISTRIBUTION, ETC. | |
| Place of publication, distribution, etc. | NEWYORK |
| Name of publisher, distributor, etc. | MCGRAW HILL |
| Date of publication, distribution, etc. | 1977 |
| 300 ## - PHYSICAL DESCRIPTION | |
| Extent | 448P |
| 650 ## - SUBJECT ADDED ENTRY--TOPICAL TERM | |
| Topical term or geographic name entry element | MECHANICS APPLIED VECTOR ANALYSIS MECHANICS APPLIED PROBLEMS EXCERCISE |
| 9 (RLIN) | 74717 |
| 942 ## - ADDED ENTRY ELEMENTS (KOHA) | |
| Koha item type | Book |
| Withdrawn status | Lost status | Damaged status | Not for loan | Permanent Location | Current Location | Shelving location | Date acquired | Total Checkouts | Full call number | Barcode | Date last seen | Price effective from | Koha item type |
|---|---|---|---|---|---|---|---|---|---|---|---|---|---|
| College of Electrical & Mechanical Engineering (CEME) | College of Electrical & Mechanical Engineering (CEME) | General Stacks | 05/09/2017 | 620.105 BCE'V | CEME-15416 | 06/28/2021 | 06/28/2021 | Book | |||||
| College of Electrical & Mechanical Engineering (CEME) | College of Electrical & Mechanical Engineering (CEME) | General Stacks | 05/09/2017 | 620.105 BCE'V | CEME-15417 | 06/28/2021 | 06/28/2021 | Book | |||||
| College of Electrical & Mechanical Engineering (CEME) | College of Electrical & Mechanical Engineering (CEME) | General Stacks | 05/09/2017 | 620.105 BCE'V | CEME-10743 | 06/28/2021 | 06/28/2021 | Book |
